The WTO dispute settlement procedures (Бичлэгийн дугаар. 146775)
| 000 -УДИРДЛАГА | |
|---|---|
| Удирдлага | 01345nam a22002657a 4500 |
| 003 - ХЯНАЛТЫН ТОО ТОДОРХОЙЛОГЧ | |
| Код | MN-UlNUM |
| 005 - БИЧИЛТ ХИЙСЭН ОГНОО | |
| Тухайн бичилтийг бичсэн засварласан сүүлийн огноо | 20260331181014.0 |
| 008 - ЕРӨНХИЙ МЭДЭЭЛЭЛ | |
| Ерөнхий мэдээлэл | 260331s1995 sz i000 0 eng d |
| 020 ## - ISBN | |
| ISBN | 9287011400 |
| 040 ## - БИЧЛЭГ ҮҮСГЭГЧ БАЙГУУЛЛАГА | |
| Бичлэг үүсгэгч номын сангийн код | МУИС-ийн номын сан |
| 084 ## - ББК АНГИЛАЛ | |
| Нэмэлт тусгалт | Нэг сэдэвт бүтээл |
| ББК ангилал | 65.428 |
| Зохиогчийн гурван тэмдэгт | W 80 |
| Мэдлэгийн ялгаа | 65 - Эдийн засаг |
| 245 #4 - ҮНДСЭН ГАРЧИГ | |
| Номын нэр | The WTO dispute settlement procedures |
| Бага гарчгийн мэдээ | A collection of the legal texts |
| 260 ## - ГАРАЛТЫН МЭДЭЭ | |
| Хэвлэгдсэн газар | Geneva |
| Хэвлэлийн газар | World Trade Organization |
| Хэвлэгдсэн он | 1995 |
| 300 ## - МАТЕРИАЛЫН ТОДОРХОЙЛОЛТ | |
| хуудасны тоо | xxi, 95 p. ; |
| Хэмжээ | 24 cm |
| 500 ## - Тайлбар | |
| Дансны дугаар | БС 4399 |
| 505 ## - Агуулгын тэмдэглэгээ | |
| Агуулгын тэмдэглэгээ | This volume contains a collection of the legal texts related to the settlement of disputes under the GATT 1947 and the Agreement Establishing the World Trade Organization (WTO). To facilitate their use the texts have been grouped by subject matter, and brief notes in the margin, cross-references and a subject index have been added to the WTO Secretariat. These additions do not form part of the legal texts and therefore should not be used as sources of interpretation. |
| 546 ## - ХЭЛНИЙ ТУХАЙ МЭДЭЭ | |
| Хэл | Англи хэл дээр, |
| 653 ## - Түлхүүр үг | |
| Түлхүүр үг | foreign trade regulation |
| 653 ## - Түлхүүр үг | |
| Түлхүүр үг | arbitration |
| 700 ## - ХАМ ЗОХИОГЧИД | |
| Ба бус | Marceau, Gabrielle |
| 700 ## - ХАМ ЗОХИОГЧИД | |
| Ба бус | Morrison, Peter |
| 942 ## - ЭЛЕМЕНТИЙН ТӨРӨЛ | |
| Зүйлийн төрөл | Ном |
